Geography Quiz

Random Geography or City Quiz

Alabama Cities Quiz Stats

 Plays Quiz Updated Aug 1, 2018

Also try: Illinois Cities
Challenge
Share
Tweet
Embed
Score 0/20 Timer 06:00
0 Plays Today
Rank City % Correct
1Birmingham
94.3%
2Montgomery
92.8%
4Mobile
91.8%
5Tuscaloosa
77.6%
3Huntsville
74.4%
8Auburn
63%
6Hoover
46.9%
7Dothan
45.4%
9Decatur
38.6%
11Florence
35%
Rank City % Correct
13Gadsden
35%
19Bessemer
29%
17Opelika
26.9%
10Madison
26.8%
14Prattville
22.4%
16Alabaster
21.5%
12Phenix City
21.2%
15Vestavia Hills
21%
20Daphne
19.3%
18Enterprise
15.3%

You're not logged in!

Compare scores with friends on all Sporcle quizzes.
OR
Log In

You Might Also Like...

Show Comments

Extras

Top Quizzes Today


Score Distribution

Your Account Isn't Verified!

In order to create a playlist on Sporcle, you need to verify the email address you used during registration. Go to your Sporcle Settings to finish the process.

Report this User

Report this user for behavior that violates our Community Guidelines.

Details: